| Tag |
First Indicator |
Second Indicator |
Subfields |
| LEADER |
00000pam a2200000 a 4500 |
| 001 |
in00001602621 |
| 005 |
20151023052748.0 |
| 008 |
990311r1999 maua b 001 0 eng |
| 010 |
|
|
|a 99025780
|
| 015 |
|
|
|a GB99-64370
|
| 019 |
|
|
|a 42365563
|
| 020 |
|
|
|a 0792357116 (hc. : alk. paper)
|
| 035 |
|
|
|a (OCoLC)ocm41026610
|
| 040 |
|
|
|a DLC
|c DLC
|d C#P
|d UKM
|d UtOrBLW
|
| 049 |
|
|
|a TXAM
|
| 050 |
0 |
0 |
|a QC981.8.C53
|b W4 1999
|
| 082 |
0 |
0 |
|a 551.6
|2 21
|
| 245 |
0 |
0 |
|a Weather and climate extremes :
|b changes, variations, and a perspective from the insurance industry /
|c edited by Thomas R. Karl, Neville Nicholls, and Anver Ghazi.
|
| 264 |
|
1 |
|a Boston, Mass. :
|b Kluwer Academic Publishers,
|c [1999]
|
| 264 |
|
4 |
|c ©1999
|
| 300 |
|
|
|a vi, 349 pages :
|b illustrations (some color) ;
|c 25 cm.
|
| 336 |
|
|
|a text
|b txt
|2 rdacontent
|
| 337 |
|
|
|a unmediated
|b n
|2 rdamedia
|
| 338 |
|
|
|a volume
|b nc
|2 rdacarrier
|
| 500 |
|
|
|a "Reprinted from Climatic Change, volume 42, number 1, 1999."
|
| 504 |
|
|
|a Includes bibliographical references and index.
|
| 650 |
|
0 |
|a Climatic extremes.
|
| 650 |
|
0 |
|a Climatic changes.
|
| 650 |
|
0 |
|a Insurance.
|
| 650 |
|
4 |
|a Insurance.
|
| 650 |
|
4 |
|a Climatic changes.
|
| 650 |
|
4 |
|a Climatic extremes.
|
| 700 |
1 |
|
|a Karl, Thomas.
|
| 700 |
1 |
|
|a Nicholls, N.
|q (Neville)
|
| 700 |
1 |
|
|a Ghazi, A.,
|d 1940-
|
| 994 |
|
|
|a E0
|b TXA
|
| 948 |
|
|
|a cataloged
|b h
|c 2001/8/23
|d c
|e ceaton
|f 2:09:24 pm
|
| 999 |
|
|
|a MARS
|
| 999 |
f |
f |
|s 47e31653-0da9-3219-a4f8-9d633871f11b
|i 2a9a33c5-b2cf-3af6-80ca-8d8d8447e088
|t 0
|
| 952 |
f |
f |
|p normal
|a Texas A&M University
|b College Station
|c Sterling C. Evans Library
|d Evans: Library Stacks
|t 0
|e QC981.8.C53 W4 1999
|h Library of Congress classification
|i unmediated -- volume
|m A14828073969
|
| 998 |
f |
f |
|a QC981.8.C53 W4 1999
|t 0
|l Evans: Library Stacks
|